000 00662nam a2200181 4500
001 121587
003 ES-MaACL
005 20230906191759.0
007 t|
008 070214s1970 sp r ||||1| spa d
100 1 _aPorres Martín-Cleto, Julio.
_993165
245 1 3 _aEl abastecimiento romano de aguas a Toledo /
_cJulio Porres Martín-Cleto.
260 _aToledo :
_bDiputación Provincial,
_c1970.
300 _a12 p., 4 lám. ;
_c28 cm.
500 _aPrecede al Tit : Instituto Provincial de Investigaciones y Estudios Toledanos.
710 2 _aInstituto Provincial de Investigaciones y Estudios Toledanos.
_95217
852 _aES-MaACL
_j2076-F-5
_bR.74752
999 _c121587
_d121587